[Event "DFMM der LV 2011"]
[Site "Braunfels"]
[Date "2011.06.17"]
[Round "2.2"]
[White "Engels, Natia"]
[Black "Vidonyak, Nellya"]
[Result "1/2-1/2"]
[WhiteElo "2191"]
[BlackElo "2166"]
[PlyCount "86"]
[EventDate "2011.06.16"]
[EventType "team"]
[EventCountry "GER"]
[WhiteTeam "Nordrhein-Westfalen 1"]
[BlackTeam "Baden"]

1. c4 e6 2. d4 d5 3. Nc3 Nf6 4. Bg5 Be7 5. e3 O-O 6. Nf3 h6 7. Bh4 b6 8. cxd5
exd5 9. Ne5 Bb7 10. Bd3 Nbd7 11. f4 Ne4 12. Bxe7 Qxe7 13. O-O Nxc3 14. bxc3
Rfd8 15. Qf3 Nf6 16. Rfd1 c5 17. Rac1 Ne4 18. c4 Nf6 19. cxd5 Bxd5 20. e4 Bb7
21. d5 Rac8 22. Bc4 Kf8 23. g4 Ne8 24. Bb5 Nd6 25. Bc6 Ba6 26. Re1 Kg8 27. Qa3
Bb5 28. Qb2 Ba6 29. Qa3 Bb5 30. Qe3 Ba6 31. Nf3 Nc4 32. Qc3 Qf6 33. Qxf6 gxf6
34. e5 fxe5 35. fxe5 Na5 36. e6 Nxc6 37. dxc6 fxe6 38. Rxe6 Rf8 39. Ne5 Rfe8
40. Rxe8+ Rxe8 41. Re1 Bb5 42. Kf2 Rf8+ 43. Kg3 Rc8 1/2-1/2

[Event "DFMM der LV 2011"]
[Site "Braunfels"]
[Date "2011.06.17"]
[Round "2.3"]
[White "Juszczak, Anna"]
[Black "Zhang, Fan"]
[Result "0-1"]
[WhiteElo "2025"]
[BlackElo "2088"]
[PlyCount "86"]
[EventDate "2011.06.16"]
[EventType "team"]
[EventCountry "GER"]
[WhiteTeam "Baden"]
[BlackTeam "Nordrhein-Westfalen 1"]

1. d4 Nf6 2. c4 e6 3. Nc3 d5 4. Nf3 c6 5. Bg5 Nbd7 6. e3 Qa5 7. Bxf6 Nxf6 8.
Qc2 Be7 9. a3 O-O 10. Bd3 dxc4 11. Bxc4 b5 12. Bd3 b4 13. Nb1 c5 14. O-O Bb7
15. Nbd2 cxd4 16. axb4 Qxb4 17. Ra4 Qb6 18. Nxd4 Rfc8 19. Nc4 Qd8 20. Rd1 Qd5
21. Nf3 Qh5 22. Qe2 Nd5 23. Nce5 Nb6 24. Rf4 f5 25. h4 h6 26. g4 fxg4 27. Ng6
Bf6 28. Nh2 Bf3 29. Nxf3 gxf3 30. Rxf3 Qg4+ 31. Kh2 Rd8 32. Rg1 Qb4 33. Rxf6
gxf6 34. Ne5+ Kf8 35. Qh5 fxe5 36. Qxh6+ Ke7 37. Qh7+ Kd6 38. Be4 Nd5 39. Ra1
Rh8 40. Ra6+ Nb6 41. Qb7 Rxh4+ 42. Kg3 Qxe4 43. Rxb6+ axb6 0-1

[Event "DFMM der LV 2011"]
[Site "Braunfels"]
[Date "2011.06.17"]
[Round "2.4"]
[White "Leveikina, Jevgenija"]
[Black "Schneider, Birgit"]
[Result "1/2-1/2"]
[WhiteElo "2100"]
[BlackElo "2033"]
[PlyCount "27"]
[EventDate "2011.06.16"]
[EventType "team"]
[EventCountry "GER"]
[WhiteTeam "Nordrhein-Westfalen 1"]
[BlackTeam "Baden"]

1. e4 c5 2. c3 d5 3. exd5 Qxd5 4. d4 cxd4 5. cxd4 Nc6 6. Nf3 e5 7. Nc3 Bb4 8.
Bd2 Bxc3 9. Bxc3 e4 10. Ne5 Nxe5 11. dxe5 Ne7 12. Qxd5 Nxd5 13. Bb5+ Bd7 14.
Bxd7+ 1/2-1/2

[Event "DFMM der LV 2011"]
[Site "Braunfels"]
[Date "2011.06.17"]
[Round "2.5"]
[White "Vollstaedt-Klein, Sabine"]
[Black "Vogel, Heike"]
[Result "1/2-1/2"]
[WhiteElo "1898"]
[BlackElo "2122"]
[PlyCount "54"]
[EventDate "2011.06.16"]
[EventType "team"]
[EventCountry "GER"]
[WhiteTeam "Baden"]
[BlackTeam "Nordrhein-Westfalen 1"]

1. e4 d5 2. exd5 Nf6 3. Nf3 Nxd5 4. d4 Bg4 5. Be2 e6 6. c4 Nb6 7. b3 Nc6 8. O-O
Bxf3 9. Bxf3 Nxd4 10. Bxb7 Rb8 11. Be4 c5 12. Nc3 f5 13. Bb1 Bd6 14. f4 O-O 15.
Ne2 e5 16. Nxd4 exd4 17. Re1 Qc7 18. g3 Rbe8 19. Rxe8 Rxe8 20. Bxf5 Qf7 21. Bd3
Nd7 22. Bd2 Nf6 23. Qf3 Qf8 24. Re1 Rb8 25. Qe2 Re8 26. Qf3 Rb8 27. Qe2 Re8
1/2-1/2

[Event "DFMM der LV 2011"]
[Site "Braunfels"]
[Date "2011.06.17"]
[Round "2.6"]
[White "Sokalska, Viktorija"]
[Black "Kohm, Vanessa"]
[Result "1-0"]
[WhiteElo "2018"]
[BlackElo "1782"]
[PlyCount "59"]
[EventDate "2011.06.16"]
[EventType "team"]
[EventCountry "GER"]
[WhiteTeam "Nordrhein-Westfalen 1"]
[BlackTeam "Baden"]

1. e4 c5 2. Nc3 Nc6 3. g3 g6 4. Bg2 Bg7 5. d3 d6 6. Nge2 e6 7. O-O Nge7 8. Be3
Nd4 9. Qd2 O-O 10. Bh6 Nec6 11. Bxg7 Kxg7 12. f4 Rb8 13. a4 a6 14. g4 f5 15.
gxf5 exf5 16. Ng3 Qb6 17. a5 Qd8 18. Nd5 Be6 19. Ne3 Ne7 20. Rae1 Qd7 21. Kh1
Rbe8 22. b4 Rc8 23. c3 Nb5 24. Qb2 Kg8 25. Rf2 cxb4 26. exf5 bxc3 27. Qe2 Nd4
28. fxe6 Nxe2 29. exd7 Nxg3+ 30. hxg3 1-0

[Event "DFMM der LV 2011"]
[Site "Braunfels"]
[Date "2011.06.17"]
[Round "2.7"]
[White "Braun, Viktoria"]
[Black "Hund, Isabel"]
[Result "1/2-1/2"]
[WhiteElo "1583"]
[BlackElo "2069"]
[PlyCount "69"]
[EventDate "2011.06.16"]
[EventType "team"]
[EventCountry "GER"]
[WhiteTeam "Baden"]
[BlackTeam "Nordrhein-Westfalen 1"]

1. e4 d6 2. d4 g6 3. Nf3 Bg7 4. Be3 Nd7 5. c3 e5 6. dxe5 dxe5 7. Bc4 Ngf6 8.
Nbd2 O-O 9. O-O Qe7 10. Qc2 Nb6 11. Bb3 Be6 12. Rad1 Bxb3 13. Nxb3 Rfd8 14. h3
Nc4 15. Bc1 b6 16. Nbd2 Nd6 17. b3 c5 18. Bb2 Nd7 19. Rfe1 Nf8 20. Nf1 Bh6 21.
c4 f6 22. Bc1 Bxc1 23. Qxc1 Ne6 24. Qb1 Nd4 25. N3d2 Ne8 26. Ne3 Nc7 27. Ndf1
Qf7 28. Ng3 Nce6 29. Ne2 Nxe2+ 30. Rxe2 Nd4 31. Red2 Rd7 32. Nd5 Rad8 33. Qd3
Kg7 34. Qe3 Qe6 35. Re1 1/2-1/2

[Event "DFMM der LV 2011"]
[Site "Braunfels"]
[Date "2011.06.17"]
[Round "2.8"]
[White "Reiter, Brigitte"]
[Black "Zilberman, Alexandra"]
[Result "1/2-1/2"]
[WhiteElo "1863"]
[BlackElo "1186"]
[PlyCount "77"]
[EventDate "2011.06.16"]
[EventType "team"]
[EventCountry "GER"]
[WhiteTeam "Nordrhein-Westfalen 1"]
[BlackTeam "Baden"]

1. d4 d5 2. Nf3 Nc6 3. Bf4 Nf6 4. e3 Bf5 5. c3 e6 6. Bb5 Bd6 7. Ne5 Bxe5 8.
Bxe5 O-O 9. Bg3 a6 10. Be2 Re8 11. Nd2 Ne4 12. Nf3 f6 13. Nh4 Ne7 14. Bg4 Nd6
15. O-O g6 16. Nxf5 Nexf5 17. Be2 Nxg3 18. hxg3 c6 19. b3 Ne4 20. Qc2 Qa5 21.
Rfc1 c5 22. Bd3 f5 23. Bxe4 dxe4 24. dxc5 Qxc5 25. Rd1 Rac8 26. Rd7 Rc7 27.
Rad1 Rxd7 28. Rxd7 Re7 29. Rd8+ Kg7 30. c4 Qc7 31. Qc3+ e5 32. Rd5 Kf6 33. c5
Rd7 34. Qc4 Qc6 35. Rxd7 Qxd7 36. b4 Qe6 37. Qc2 Qd5 38. Kf1 Qd3+ 39. Qe2
1/2-1/2

[Event "DFMM der LV 2011"]
[Site "Braunfels"]
[Date "2011.06.17"]
[Round "2.1"]
[White "Glaser, Andrea"]
[Black "Rieseler, Caroline"]
[Result "0-1"]
[WhiteElo "1981"]
[BlackElo "2080"]
[PlyCount "106"]
[EventDate "2011.06.16"]
[EventType "team"]
[EventCountry "GER"]
[WhiteTeam "Sachsen-Anhalt"]
[BlackTeam "Hessen"]

1. d4 Nf6 2. Nf3 g6 3. g3 Bg7 4. Bg2 d5 5. O-O O-O 6. c4 dxc4 7. Ne5 Ne8 8. Na3
c5 9. Naxc4 cxd4 10. e3 Nd6 11. Qxd4 Be6 12. Na3 Nd7 13. f4 Nxe5 14. fxe5 Qa5
15. Bd2 Qxe5 16. Bc3 Qxd4 17. exd4 Rac8 18. Rfe1 Rc7 19. h3 Rd8 20. g4 b6 21.
Re2 Bc8 22. Rae1 e6 23. Rd1 Ba6 24. Re3 Nc8 25. Nc2 Ne7 26. Nb4 Bb7 27. Bxb7
Rxb7 28. Red3 Rbd7 29. Kf2 a5 30. Nc2 Nc6 31. Ke2 Ne7 32. Ne3 Nd5 33. Nxd5 Rxd5
34. Ke3 Bh6+ 35. Ke2 f5 36. Kf3 e5 37. gxf5 gxf5 38. Rg1+ Kf7 39. Ke2 e4 40.
Rdg3 f4 41. Rg4 Rh5 42. h4 Ke6 43. Rf1 Kf5 44. Rfg1 b5 45. a3 b4 46. axb4 axb4
47. Bxb4 Rxd4 48. Bc3 Rd3 49. Be1 f3+ 50. Kf1 Rd1 51. Kf2 Rb1 52. b4 Rb2+ 53.
Kg3 Be3 0-1

[Event "DFMM der LV 2011"]
[Site "Braunfels"]
[Date "2011.06.17"]
[Round "2.2"]
[White "Ries, Jutta"]
[Black "Pflug, Tanja"]
[Result "1-0"]
[WhiteElo "1987"]
[BlackElo "2044"]
[PlyCount "85"]
[EventDate "2011.06.16"]
[EventType "team"]
[EventCountry "GER"]
[WhiteTeam "Hessen"]
[BlackTeam "Sachsen-Anhalt"]

1. f4 d5 2. Nf3 g6 3. e3 Bg7 4. Be2 Nf6 5. b3 Ne4 6. d4 c5 7. O-O O-O 8. c3 Nd7
9. Bd3 Ndf6 10. Bb2 Qc7 11. Nbd2 Bf5 12. Bxe4 Bxe4 13. Nxe4 Nxe4 14. Nd2 f5 15.
Qe2 cxd4 16. Nxe4 d3 17. Qxd3 dxe4 18. Qe2 Rfd8 19. Rfd1 Rac8 20. c4 e5 21.
fxe5 Bxe5 22. Bxe5 Qxe5 23. Rxd8+ Rxd8 24. Rd1 Rxd1+ 25. Qxd1 g5 26. Qd8+ Kf7
27. Qxg5 Qa1+ 28. Kf2 Qxa2+ 29. Kg3 Qxb3 30. Qxf5+ Kg7 31. Qe5+ Kf7 32. Qd5+
Kg7 33. Qd4+ Kf7 34. Qxa7 Qxc4 35. Qxb7+ Kg6 36. Qe7 Qd5 37. Qh4 h5 38. Qf4 Qe6
39. h4 Qd5 40. Kh3 Qd7+ 41. g4 Qd1 42. Qxe4+ Kg7 43. gxh5 1-0

[Event "DFMM der LV 2011"]
[Site "Braunfels"]
[Date "2011.06.17"]
[Round "2.3"]
[White "Woelfer, Wiebke"]
[Black "Zahn, Nicol"]
[Result "1-0"]
[WhiteElo "1767"]
[BlackElo "1943"]
[PlyCount "41"]
[EventDate "2011.06.16"]
[EventType "team"]
[EventCountry "GER"]
[WhiteTeam "Sachsen-Anhalt"]
[BlackTeam "Hessen"]

1. e4 c5 2. Nc3 e6 3. g3 Nc6 4. Bg2 a6 5. a4 Rb8 6. d3 g6 7. Be3 d6 8. f4 Bg7
9. Nf3 Nge7 10. O-O O-O 11. Qd2 Nd4 12. Bxd4 cxd4 13. Ne2 Nc6 14. Kh1 b6 15. g4
Bb7 16. Ng3 f5 17. exf5 gxf5 18. Ng5 Qd7 19. gxf5 exf5 20. Nh5 Bh8 21. Bd5+ 1-0

[Event "DFMM der LV 2011"]
[Site "Braunfels"]
[Date "2011.06.17"]
[Round "2.4"]
[White "Kierzek, Mira"]
[Black "Hartung, Katja"]
[Result "0-1"]
[WhiteElo "2055"]
[BlackElo "1933"]
[PlyCount "82"]
[EventDate "2011.06.16"]
[EventType "team"]
[EventCountry "GER"]
[WhiteTeam "Hessen"]
[BlackTeam "Sachsen-Anhalt"]

1. d4 d5 2. c4 e6 3. Nf3 c6 4. e3 f5 5. Nc3 Bd6 6. Bd3 Nf6 7. c5 Bc7 8. O-O O-O
9. b4 Nbd7 10. b5 Ne4 11. Ne2 Ndf6 12. a4 Qe8 13. Ba3 Ng4 14. h3 Ngf6 15. Rc1
g5 16. Ne5 g4 17. h4 g3 18. f3 Qh5 19. fxe4 dxe4 20. Nxg3 Qxh4 21. Nxe4 Bxe5
22. Nxf6+ Bxf6 23. Qf3 Bd7 24. Bb2 Qh6 25. Bc3 Rf7 26. Bc4 Raf8 27. Rce1 Kh8
28. Re2 Rg7 29. e4 Rfg8 30. Bb2 Rg3 31. Qf4 Qg7 32. Rff2 Bxd4 33. Bxd4 Qxd4 34.
Kf1 cxb5 35. Bxb5 Ra3 36. Rd2 Ra1+ 37. Ke2 Bxb5+ 38. axb5 Qc4+ 39. Rd3 Ra2+ 40.
Ke3 Qxc5+ 41. Rd4 Ra3+ 0-1

[Event "DFMM der LV 2011"]
[Site "Braunfels"]
[Date "2011.06.17"]
[Round "2.5"]
[White "Weiss, Katharina"]
[Black "Froehlich-Dill, Astrid"]
[Result "0-1"]
[WhiteElo "1764"]
[BlackElo "1936"]
[PlyCount "56"]
[EventDate "2011.06.16"]
[EventType "team"]
[EventCountry "GER"]
[WhiteTeam "Sachsen-Anhalt"]
[BlackTeam "Hessen"]

1. e4 c5 2. Nf3 Nc6 3. d4 cxd4 4. Nxd4 e6 5. c4 a6 6. Nc3 Bb4 7. Nxc6 Bxc3+ 8.
bxc3 bxc6 9. Qd4 f6 10. f4 Qa5 11. Bd2 c5 12. Qd6 Bb7 13. e5 Ne7 14. Rb1 Nc8
15. Qd3 Bc6 16. Be2 O-O 17. O-O Ne7 18. Be3 Nf5 19. Bf2 fxe5 20. fxe5 Rab8 21.
g4 Rxb1 22. Qxb1 Nh6 23. Bd3 Nxg4 24. Bxh7+ Kh8 25. Be1 Rxf1+ 26. Kxf1 Qd8 27.
Qg6 Qf8+ 28. Ke2 Nxe5 0-1

[Event "DFMM der LV 2011"]
[Site "Braunfels"]
[Date "2011.06.17"]
[Round "2.6"]
[White "Blanke, Manon"]
[Black "Schwebbach, Angelika"]
[Result "1/2-1/2"]
[WhiteElo "1900"]
[BlackElo "1855"]
[PlyCount "40"]
[EventDate "2011.06.16"]
[EventType "team"]
[EventCountry "GER"]
[WhiteTeam "Hessen"]
[BlackTeam "Sachsen-Anhalt"]

1. d4 Nf6 2. Nf3 d5 3. Bf4 Bg4 4. e3 e6 5. a3 Nbd7 6. Be2 Be7 7. Nbd2 O-O 8. h3
Bf5 9. c4 Re8 10. O-O h6 11. Bh2 Bf8 12. Ne5 c6 13. b4 Nxe5 14. Bxe5 Bd6 15.
Bxd6 Qxd6 16. c5 Qc7 17. Nf3 Nd7 18. Bd3 Bxd3 19. Qxd3 Rad8 20. Rab1 e5 1/2-1/2

[Event "DFMM der LV 2011"]
[Site "Braunfels"]
[Date "2011.06.17"]
[Round "2.7"]
[White "Domaske, Susann"]
[Black "Fischer, Helena"]
[Result "1-0"]
[WhiteElo "1626"]
[BlackElo "1559"]
[PlyCount "79"]
[EventDate "2011.06.16"]
[EventType "team"]
[EventCountry "GER"]
[WhiteTeam "Sachsen-Anhalt"]
[BlackTeam "Hessen"]

1. d4 d5 2. c4 e6 3. a3 Nf6 4. Nf3 Nbd7 5. Bg5 Be7 6. e3 O-O 7. Nc3 c6 8. cxd5
exd5 9. Bd3 h6 10. Bh4 Re8 11. O-O Nf8 12. h3 Bd6 13. e4 dxe4 14. Nxe4 Be7 15.
Nxf6+ Bxf6 16. Bxf6 Qxf6 17. Re1 Be6 18. Be4 Rad8 19. Qa4 a6 20. Qb4 Rd7 21.
Ne5 Rde7 22. Rad1 Qg5 23. Nf3 Qh5 24. d5 Bxd5 25. Bh7+ Nxh7 26. Rxe7 Rxe7 27.
Qxe7 Bxf3 28. Qe8+ Nf8 29. gxf3 Qxf3 30. Rd8 Qxh3 31. Qxf8+ Kh7 32. Qh8+ Kg6
33. Rd6+ f6 34. Qe8+ Kh7 35. Qe4+ f5 36. Qg2 Qh4 37. Qg6+ Kg8 38. Rd7 Qg5+ 39.
Qxg5 hxg5 40. Rxb7 1-0

[Event "DFMM der LV 2011"]
[Site "Braunfels"]
[Date "2011.06.17"]
[Round "2.8"]
[White "Schirra, Sabine"]
[Black "Becker, Franziska"]
[Result "0-1"]
[WhiteElo "1540"]
[BlackElo "1529"]
[PlyCount "60"]
[EventDate "2011.06.16"]
[EventType "team"]
[EventCountry "GER"]
[WhiteTeam "Hessen"]
[BlackTeam "Sachsen-Anhalt"]

1. e4 e6 2. d4 d5 3. Nc3 Bb4 4. e5 Ne7 5. Bd3 c5 6. a3 cxd4 7. axb4 dxc3 8.
bxc3 Qc7 9. Nf3 Nd7 10. Bb5 Qxc3+ 11. Bd2 Qc7 12. O-O a6 13. Re1 Ng6 14. Bxd7+
Bxd7 15. c3 Bb5 16. Rc1 O-O 17. Qc2 Rac8 18. Qb1 Bc4 19. h4 h6 20. h5 Ne7 21.
g4 f6 22. exf6 Rxf6 23. Nd4 e5 24. Ne2 Qd7 25. Ng3 e4 26. Be3 Qxg4 27. Rcd1 Nf5
28. Kh2 Nxe3 29. Rxe3 Rxf2+ 30. Kg1 Rcf8 0-1

[Event "DFMM der LV 2011"]
[Site "Braunfels"]
[Date "2011.06.17"]
[Round "2.1"]
[White "Ankerst, Milka"]
[Black "Stroessner, Lena"]
[Result "0-1"]
[WhiteElo "2087"]
[BlackElo "1980"]
[PlyCount "150"]
[EventDate "2011.06.16"]
[EventType "team"]
[EventCountry "GER"]
[WhiteTeam "Bayern"]
[BlackTeam "Nordrhein-Westfalen 2"]

1. e4 e6 2. d4 d5 3. Nc3 Bb4 4. e5 c5 5. a3 Bxc3+ 6. bxc3 Bd7 7. Qg4 g6 8. f4
Ba4 9. Ra2 Nc6 10. dxc5 Qa5 11. Bd2 O-O-O 12. Bd3 Qxc5 13. Ne2 Qb6 14. Qf3 Nge7
15. Qf2 Qb1+ 16. Nc1 Kb8 17. O-O Nf5 18. g4 Nfe7 19. Be3 b6 20. Qe2 Na5 21. c4
dxc4 22. Be4 Nd5 23. Bd4 Qb5 24. Rb2 Qd7 25. c3 Rc8 26. Na2 Nb3 27. Qf2 Bc6 28.
Bg2 Rhd8 29. Rd1 Bb7 30. h3 Qe7 31. Bxd5 Bxd5 32. Nb4 Bb7 33. Nc2 Ba8 34. Kh2
Qb7 35. Nb4 Nc5 36. Re2 Rd7 37. Rf1 Nb3 38. Nc2 Rcd8 39. Qe3 Qd5 40. Rd1 Qa5
41. Rf2 h5 42. g5 Nc5 43. Rb1 Ne4 44. Re2 h4 45. Nb4 Ng3 46. Rd2 Nf5 47. Qf2
Nxd4 48. cxd4 Qxa3 49. Ra2 Qg3+ 50. Qxg3 hxg3+ 51. Kxg3 Rxd4 52. Na6+ Kc8 53.
Rc1 R8d7 54. Rac2 Bd5 55. Nb4 Kb7 56. Rc3 Rc7 57. Re1 Be4 58. h4 Bf5 59. Rec1
a5 60. Nc2 Rd3+ 61. Ne3 b5 62. Kf2 Rxc3 63. Rxc3 Bd3 64. Ra3 Kb6 65. Nd1 b4 66.
Ra1 Kb5 67. Nb2 Bf5 68. Nd1 a4 69. Ne3 Be4 70. Ke2 Rd7 71. Nd1 Bf5 72. Ne3 Be4
73. Nd1 c3 74. Nf2 Bf5 75. Ke3 b3 0-1

[Event "DFMM der LV 2011"]
[Site "Braunfels"]
[Date "2011.06.17"]
[Round "2.2"]
[White "Samorukova, Jana"]
[Black "Fishkin, Natalie"]
[Result "1/2-1/2"]
[WhiteElo "1830"]
[BlackElo "2065"]
[PlyCount "58"]
[EventDate "2011.06.16"]
[EventType "team"]
[EventCountry "GER"]
[WhiteTeam "Nordrhein-Westfalen 2"]
[BlackTeam "Bayern"]

1. d4 d5 2. c4 c6 3. Nc3 Nf6 4. e3 e6 5. Nf3 Bd6 6. Bd3 Nbd7 7. e4 dxe4 8. Nxe4
Nxe4 9. Bxe4 Nf6 10. Bc2 Qc7 11. O-O Bd7 12. Re1 O-O-O 13. Ne5 Be8 14. Qe2 Nd7
15. Nf3 h6 16. c5 Bf4 17. g3 Bxc1 18. Raxc1 g5 19. b4 g4 20. Ne5 h5 21. Nc4 Nf6
22. Nd6+ Rxd6 23. cxd6 Qxd6 24. Qe5 Qxe5 25. Rxe5 Kd7 26. b5 Kd6 27. Ba4 Nd7
28. Rg5 Nb6 29. Bb3 cxb5 1/2-1/2

[Event "DFMM der LV 2011"]
[Site "Braunfels"]
[Date "2011.06.17"]
[Round "2.3"]
[White "Dirmeier, Carolin"]
[Black "Drose, Daniela"]
[Result "1-0"]
[WhiteElo "2035"]
[BlackElo "1961"]
[PlyCount "81"]
[EventDate "2011.06.16"]
[EventType "team"]
[EventCountry "GER"]
[WhiteTeam "Bayern"]
[BlackTeam "Nordrhein-Westfalen 2"]

1. e4 d5 2. exd5 Qxd5 3. Nc3 Qd6 4. d4 Nf6 5. Nf3 c6 6. Bc4 Bf5 7. O-O e6 8.
Ne5 Be7 9. Bf4 Qb4 10. Bb3 O-O 11. a3 Qb6 12. Na4 Qd8 13. c4 Nbd7 14. Nc3 Ne4
15. Nxe4 Bxe4 16. Qe2 Nxe5 17. Qxe4 Ng6 18. Be3 Bf6 19. Rad1 Re8 20. Qc2 Qc7
21. Ba2 Ne7 22. Bb1 g6 23. Qe4 Nf5 24. b4 e5 25. d5 Nd6 26. Qf3 Bg7 27. c5 Nb5
28. d6 Qd7 29. Bc1 Nd4 30. Qe4 a5 31. Rfe1 axb4 32. axb4 Ra4 33. Rxd4 f5 34.
Qe2 e4 35. Rc4 b5 36. cxb6 Qxd6 37. Qc2 Rxb4 38. Rxc6 Qb8 39. Ba2+ Kh8 40. Bf7
Rd8 41. Bg5 1-0

[Event "DFMM der LV 2011"]
[Site "Braunfels"]
[Date "2011.06.17"]
[Round "2.4"]
[White "Kaplun, Viktoria"]
[Black "Niedermaier, Barbara"]
[Result "1-0"]
[WhiteElo "1856"]
[BlackElo "1982"]
[PlyCount "57"]
[EventDate "2011.06.16"]
[EventType "team"]
[EventCountry "GER"]
[WhiteTeam "Nordrhein-Westfalen 2"]
[BlackTeam "Bayern"]

1. d4 d5 2. c4 e6 3. Nc3 c5 4. e3 Nf6 5. Bd3 Nc6 6. Nf3 Be7 7. O-O O-O 8. a3
dxc4 9. Bxc4 b6 10. dxc5 Bxc5 11. Qe2 Bb7 12. b4 Be7 13. Rd1 Qb8 14. e4 Ne5 15.
Nxe5 Qxe5 16. f4 Qc7 17. e5 Ng4 18. Nb5 Qc6 19. Nd4 Qc8 20. Bb3 Nh6 21. f5 Nxf5
22. Nxf5 exf5 23. e6 Be4 24. Rd7 Bf6 25. Bb2 Bxb2 26. Qxb2 Kh8 27. Rc1 Qe8 28.
Rcc7 Rc8 29. exf7 1-0

[Event "DFMM der LV 2011"]
[Site "Braunfels"]
[Date "2011.06.17"]
[Round "2.5"]
[White "Birkholz, Mary"]
[Black "Kaehmann, Lisa"]
[Result "0-1"]
[WhiteElo "1945"]
[BlackElo "1652"]
[PlyCount "130"]
[EventDate "2011.06.16"]
[EventType "team"]
[EventCountry "GER"]
[WhiteTeam "Bayern"]
[BlackTeam "Nordrhein-Westfalen 2"]

1. c4 e5 2. Nc3 Nf6 3. d3 Be7 4. Nf3 d6 5. g3 O-O 6. Bg2 h6 7. O-O c6 8. e4 Be6
9. b3 Nbd7 10. Ba3 Rc8 11. Rc1 d5 12. exd5 cxd5 13. Bxe7 Qxe7 14. Re1 Qd6 15.
Qe2 Bg4 16. h3 Bh5 17. g4 Bg6 18. Nxe5 Rfe8 19. f4 dxc4 20. dxc4 Re7 21. Rcd1
Qc5+ 22. Qf2 b6 23. Nxd7 Qxf2+ 24. Kxf2 Rxd7 25. Rxd7 Nxd7 26. Nd5 Kf8 27. f5
Bh7 28. Re7 Rd8 29. Kg3 f6 30. Re3 Ne5 31. a4 Bg8 32. Kf4 Bf7 33. h4 Rd6 34. g5
hxg5+ 35. hxg5 Nd7 36. g6 Bg8 37. Rh3 Nb8 38. Rh8 Nc6 39. Nc7 Ne7 40. Ne6+ Rxe6
41. Rxg8+ Kxg8 42. fxe6 Nxg6+ 43. Ke4 Kf8 44. Bh3 Ke7 45. Bg4 Kd6 46. b4 Ne5
47. c5+ bxc5 48. bxc5+ Ke7 49. Bf5 g6 50. Bh3 a5 51. Kd5 Nd3 52. Kc6 f5 53. Kb6
Kxe6 54. c6 Nb4 55. Kb7 Nd5 56. Bg2 Ne7 57. Kb6 Kd6 58. Kb7 g5 59. c7 Kc5 60.
Bc6 Kb4 61. c8=Q Nxc8 62. Kxc8 g4 63. Kb7 f4 64. Kb6 f3 65. Bb5 g3 0-1

[Event "DFMM der LV 2011"]
[Site "Braunfels"]
[Date "2011.06.17"]
[Round "2.6"]
[White "Roitburd, Swetlana"]
[Black "Zwetz, Anita"]
[Result "1/2-1/2"]
[WhiteElo "1647"]
[BlackElo "1868"]
[PlyCount "78"]
[EventDate "2011.06.16"]
[EventType "team"]
[EventCountry "GER"]
[WhiteTeam "Nordrhein-Westfalen 2"]
[BlackTeam "Bayern"]

1. e4 e6 2. d4 d5 3. Nf3 dxe4 4. Ng5 Nf6 5. c3 h6 6. Nh3 c5 7. Bc4 cxd4 8. cxd4
Bb4+ 9. Nc3 Nc6 10. Be3 Nd5 11. Bxd5 exd5 12. Nf4 Qa5 13. Qb3 Be6 14. O-O Rd8
15. a3 Bxc3 16. bxc3 Qc7 17. Nxe6 fxe6 18. f4 O-O 19. Rae1 Na5 20. Qc2 Nc4 21.
Bc1 Rc8 22. Qe2 Qd6 23. Qg4 Rf6 24. Qh5 Rcf8 25. g4 Nxa3 26. g5 hxg5 27. fxg5
Rxf1+ 28. Rxf1 Rxf1+ 29. Kxf1 Qf8+ 30. Kg1 Nc4 31. g6 Qf3 32. Qh7+ Kf8 33. Qh8+
Ke7 34. Bg5+ Kd6 35. Qd8+ Kc6 36. Qc8+ Kd6 37. Qc5+ Kd7 38. Qe7+ Kc6 39. Qc5+
Kd7 1/2-1/2

[Event "DFMM der LV 2011"]
[Site "Braunfels"]
[Date "2011.06.17"]
[Round "2.7"]
[White "Lorenz, Oda"]
[Black "Koenig, Daniela"]
[Result "1/2-1/2"]
[WhiteElo "1873"]
[BlackElo "1608"]
[PlyCount "100"]
[EventDate "2011.06.16"]
[EventType "team"]
[EventCountry "GER"]
[WhiteTeam "Bayern"]
[BlackTeam "Nordrhein-Westfalen 2"]

1. e4 c5 2. d4 cxd4 3. c3 d3 4. Bxd3 Nc6 5. Nf3 d6 6. h3 g6 7. Be3 Bg7 8. Nbd2
Nf6 9. Nd4 O-O 10. Qb3 Qc7 11. O-O Bd7 12. Rac1 Qc8 13. Kh2 Qc7 14. f4 a6 15.
f5 Ne5 16. Be2 d5 17. Kh1 dxe4 18. fxg6 Nxg6 19. Qc2 e5 20. Nf5 Nf4 21. Bg4
Bxf5 22. Bxf5 Ne2 23. Nxe4 Nxe4 24. Bxe4 Ng3+ 25. Kg1 Nxe4 26. Qxe4 Rad8 27.
Rf5 Rd6 28. Rh5 Rg6 29. Rf1 Qc6 30. Qxc6 Rxc6 31. Rd1 Re6 32. Rd7 b5 33. Rg5
Rg6 34. Rf5 f6 35. Ra7 Rd8 36. Rxa6 Rd1+ 37. Rf1 Rd3 38. Kf2 Bh6 39. Bxh6 Rxh6
40. Ke2 Rg3 41. Raxf6 Rxg2+ 42. R1f2 Rxf2+ 43. Rxf2 Rxh3 44. Kd2 Rh6 45. Ke3
Rh4 46. b3 Rh3+ 47. Rf3 Rh2 48. Rf2 Rh3+ 49. Ke4 Rxc3 50. Kxe5 h5 1/2-1/2

[Event "DFMM der LV 2011"]
[Site "Braunfels"]
[Date "2011.06.17"]
[Round "2.8"]
[White "Weber, Daniela"]
[Black "Metzner, Anita"]
[Result "0-1"]
[WhiteElo "1368"]
[BlackElo "1516"]
[PlyCount "82"]
[EventDate "2011.06.16"]
[EventType "team"]
[EventCountry "GER"]
[WhiteTeam "Nordrhein-Westfalen 2"]
[BlackTeam "Bayern"]

1. e4 c6 2. d4 d5 3. e5 Bf5 4. Bd3 Bg6 5. Nc3 e6 6. Nf3 Bb4 7. a3 Bxc3+ 8. bxc3
Nd7 9. a4 Ne7 10. g4 h6 11. h4 c5 12. h5 Bxd3 13. cxd3 Qc7 14. Bd2 a5 15. g5
hxg5 16. Nxg5 Nf5 17. Qg4 Nf8 18. Ke2 c4 19. Rab1 cxd3+ 20. Kf3 Nh6 21. Qg2 f6
22. exf6 gxf6 23. Nxe6 Nxe6 24. Qg6+ Nf7 25. Qxf6 Nfg5+ 26. Kg2 Rg8 27. Kf1 Rf8
28. Qg6+ Qf7 29. Qxf7+ Rxf7 30. Bxg5 Nxg5 31. Re1+ Re7 32. Rd1 Kf7 33. Rxd3 Kg7
34. Rg3 Kh6 35. f4 Rf7 36. Rhg1 Rxf4+ 37. Ke2 Re8+ 38. Kd1 Rf5 39. Rh1 b6 40.
Kc1 Re2 41. Kb1 Rff2 0-1

[Event "DFMM der LV 2011"]
[Site "Braunfels"]
[Date "2011.06.17"]
[Round "3.1"]
[White "Dergatschova-Daus, Anna"]
[Black "Glaser, Andrea"]
[Result "1/2-1/2"]
[WhiteElo "2221"]
[BlackElo "1981"]
[PlyCount "97"]
[EventDate "2011.06.16"]
[EventType "team"]
[EventCountry "GER"]
[WhiteTeam "Nordrhein-Westfalen 1"]
[BlackTeam "Sachsen-Anhalt"]

1. e4 c5 2. Nf3 e6 3. c4 d6 4. d4 cxd4 5. Nxd4 a6 6. Nc3 Nf6 7. Be2 Qc7 8. O-O
Nc6 9. Bg5 Be7 10. Rc1 Nxd4 11. Qxd4 Bd7 12. Rfd1 Rd8 13. Bxf6 gxf6 14. Rd3 Qc5
15. Qxc5 dxc5 16. Rcd1 Bc6 17. f4 Rxd3 18. Rxd3 Bd8 19. Kf2 Bc7 20. g3 Ke7 21.
Bf3 Rd8 22. Rxd8 Kxd8 23. Ne2 Ke7 24. Nc1 b6 25. Nd3 Be8 26. Ke3 Bd7 27. h4 Be8
28. h5 h6 29. a3 a5 30. Bd1 Bd7 31. Nf2 Kf8 32. Be2 Kg7 33. Nd1 Kf8 34. Nc3 Ke7
35. Bd1 Bc6 36. Ba4 Bb7 37. Bc2 Bc6 38. Bd3 Bd7 39. Nb1 Bc6 40. Nd2 Bd7 41. Nf3
Bc6 42. Nh2 Kf8 43. Ng4 Kg7 44. e5 f5 45. Nf2 f6 46. exf6+ Kxf6 47. g4 Be8 48.
Kf3 Bc6+ 49. Ke3 1/2-1/2